Faking it (Record no. 76812)

MARC details
000 -LEADER
fixed length control field 00807cab a2200181 4500
001 - CONTROL NUMBER
control field ##L133120
008 - FIXED-LENGTH DATA ELEMENTS--GENERAL INFORMATION
fixed length control field 060411n2006 000 0 eng u
035 ## - SYSTEM CONTROL NUMBER
System control number (Sirsi) u133120
041 0# - LANGUAGE CODE
Language code of text/sound track or separate title eng
100 1# - MAIN ENTRY--PERSONAL NAME
Personal name Meyrick, Dominic
245 00 - TITLE STATEMENT
Title Faking it
260 ## - PUBLICATION, DISTRIBUTION, ETC.
Date of publication, distribution, etc. 2006
490 #0 - SERIES STATEMENT
Series statement RIBA Journal
Volume/sequential designation 113(4) April 2006, 63-66(3)
520 ## - SUMMARY, ETC.
Summary, etc. Considers some of the solutions being adopted by architects and designers to the problem of providing artificial daylight in buildings. Points out that artificial lighting levels, however, cannot equal those of natural lighting, and the most advanced solutions are more expensive and often less energy efficient.
590 ## - LOCAL NOTE (RLIN)
Local note IKA250406
690 ## - LOCAL SUBJECT ADDED ENTRY--TOPICAL TERM (OCLC, RLIN)
Topical term or geographic name as entry element BUILT ENVIRONMENT-BUILDING ELEMENTS-COMPLETE BUILDING SERVICES ELEMENTS-COMPLETE LIGHTING SYSTEMS
942 ## - ADDED ENTRY ELEMENTS (KOHA)
Suppress in OPAC 0
Holdings
Withdrawn status Lost status Source of classification or shelving scheme Damaged status Not for loan Home library Current library Shelving location Date acquired Total Checkouts Full call number Barcode Date last seen Copy number Price effective from Koha item type
    Dewey Decimal Classification     London London Journal article 13/04/2006   L133120 133120-1001 06/08/2019 1 06/08/2019 Journal article